00397nam a2200157Ia 450000500170000000800410001704000190005804100120007708200160008910000060010524500700011126000270018130000110020865000100021985000100022920240829104935.0131103s9999 xx 000 0 und d aLoreto College aEnglish a891.43bROH ac aMaithalisharan Gupta ke kavya mein nari bhavnacMadhubala Rohtagi aKolkatabRohtagic1986 a574p.  aHindi aLCBED